Fundamentals of nursing : (Record no. 8090)
[ view plain ]
| 000 -LEADER | |
|---|---|
| fixed length control field | 00786nam a22002417a 4500 |
| 003 - CONTROL NUMBER IDENTIFIER | |
| control field | OSt |
| 005 - DATE AND TIME OF LATEST TRANSACTION | |
| control field | 20260202021257.0 |
| 008 - FIXED-LENGTH DATA ELEMENTS--GENERAL INFORMATION | |
| fixed length control field | 260202b |||||||| |||| 00| 0 eng d |
| 020 ## - INTERNATIONAL STANDARD BOOK NUMBER | |
| International Standard Book Number | 978-981-31-3429-4 |
| 040 ## - CATALOGING SOURCE | |
| Original cataloging agency | DWC-Main lib |
| Transcribing agency | OC |
| 082 ## - DEWEY DECIMAL CLASSIFICATION NUMBER | |
| Edition number | tenth edition |
| Classification number | Circ. 610.73 B516f 2016 |
| 100 ## - MAIN ENTRY--PERSONAL NAME | |
| Personal name | Berman, Audrey |
| 245 ## - TITLE STATEMENT | |
| Title | Fundamentals of nursing : |
| Remainder of title | concepts, process and practice vol.2/ |
| Statement of responsibility, etc. | Audrey Berman |
| 250 ## - EDITION STATEMENT | |
| Edition statement | tenth edition |
| 260 ## - PUBLICATION, DISTRIBUTION, ETC. | |
| Place of publication, distribution, etc. | Singapore: |
| Name of publisher, distributor, etc. | Pearson education, |
| Date of publication, distribution, etc. | c2016. |
| 300 ## - PHYSICAL DESCRIPTION | |
| Extent | 1536 pages : |
| Other physical details | illustrations ; |
| Dimensions | 27cm. |
| 504 ## - BIBLIOGRAPHY, ETC. NOTE | |
| Bibliography, etc. note | Includes glossary and index |
| 650 ## - SUBJECT ADDED ENTRY--TOPICAL TERM | |
| Topical term or geographic name entry element | 1. Nursing Care |
| 650 ## - SUBJECT ADDED ENTRY--TOPICAL TERM | |
| Topical term or geographic name entry element | 2. Nursing Process |
| 700 ## - ADDED ENTRY--PERSONAL NAME | |
| Personal name | Shirlee J. Synder |
| 700 ## - ADDED ENTRY--PERSONAL NAME | |
| Personal name | Geralyn Frandsen |
| 942 ## - ADDED ENTRY ELEMENTS (KOHA) | |
| Source of classification or shelving scheme | Dewey Decimal Classification |
| Koha item type | Book Circulation |
| Edition | tenth edition |
| Call number prefix | Circ. |
| Suppress in OPAC | No |
| 952 ## - LOCATION AND ITEM INFORMATION (KOHA) | |
| -- | |
| 952 ## - LOCATION AND ITEM INFORMATION (KOHA) | |
| -- | |
| 952 ## - LOCATION AND ITEM INFORMATION (KOHA) | |
| -- | |
| 952 ## - LOCATION AND ITEM INFORMATION (KOHA) | |
| -- | |
| Withdrawn status | Lost status | Source of classification or shelving scheme | Damaged status | Not for loan | Home library | Current library | Shelving location | Date acquired | Source of acquisition | Total Checkouts | Full call number | Barcode | Date last seen | Copy number | Price effective from | Koha item type | Uniform Resource Identifier |
|---|---|---|---|---|---|---|---|---|---|---|---|---|---|---|---|---|---|
| Dewey Decimal Classification | HM & Nursing Library | HM & Nursing Library | Circulation | 10/01/2020 | School Fund | Circ. 610.73 B516f 2016 | HMN52595 | 02/02/2026 | c4 | 02/02/2026 | BK-CIRC | ||||||
| Dewey Decimal Classification | HM & Nursing Library | HM & Nursing Library | Circulation | 10/01/2020 | School Fund | Circ. 610.73 B516f 2016 | HMN52594 | 02/02/2026 | c3 | 02/02/2026 | BK-CIRC | ||||||
| Dewey Decimal Classification | HM & Nursing Library | HM & Nursing Library | Circulation | 10/01/2020 | School Fund | Circ. 610.73 B516f 2016 | HMN52593 | 02/02/2026 | c2 | 02/02/2026 | BK-CIRC | ||||||
| Dewey Decimal Classification | HM & Nursing Library | HM & Nursing Library | Circulation | 10/01/2020 | School Fund | Circ. 610.73 B516f 2016 | HMN52592 | 02/02/2026 | c1 | 02/02/2026 | BK-CIRC |